000 00491nam a2200157 i 4500
001 74669
003 ES-MaACL
007 t|
008 040920s1952 ag ||||1| spa d
100 1 _aGordey, Michel.
_959135
245 1 0 _aPasaporte para Moscú /
_cMichel Gordey ; [traducción de Jorge Zalamea].
260 _aBuenos Aires :
_bEmecé,
_c1952 (
_fCompañía Impresora Argentina)
300 _a403 p. ;
_c21 cm.
700 1 _aZalamea, Jorge.
_9117866
852 _aES-MaACL
_jE-7767
_bR.92045
999 _c74669
_d74669